South Eastern Kenya University

Library Online Public Access Catalogue


The art of the High Gothic era. (Record no. 9280)

MARC details
000 -LEADER
fixed length control field 00531cam a22001331 4500
050 00 - LIBRARY OF CONGRESS CALL NUMBER
Classification Number N6310
Item Number .A83
100 1# - MAIN ENTRY--Author
Personal name Aubert, Marcel,
Dates associated with a name 1884-1962.
245 14 - TITLE
Title The art of the High Gothic era.
Statement of responsibility, etc By Marcel Aubert, with the collaboration of J. A. Schmoll gen. Eisenwerth and contributions by Hans H. Hofstätter. [Translated by Peter Gorge]
260 ## - PUBLICATION, DISTRIBUTION, ETC.(IMPRINT)
Place of publication, distribution, etc New York,
Name of publisher, distributor, etc Crown Publishers
Date of publication, distribution, etc [1965]
300 ## - PHYSICAL DESCRIPTION
Extent 227 p.
500 ## - GENERALNOTE
General note Translation of Le Triomphe de l'art Gothique.
700 1# - ADDED ENTRY--PERSONAL AUTHOR
Personal Name Schmoll gen. Eisenwerth, J. Adolf,
942 ## - ADDED ENTRY ELEMENTS(KOHA)
Source of classification or shelving scheme Library of Congress Classification
Koha item type General circulation
Holdings
Source of classification or shelving scheme Not for loan Location (home branch) Sublocation (holding branch) Date accessioned Source of acquisition Full call number Barcode Koha item type Public note
Library of Congress Classification   SEHSS - Library SEHSS - Library 28/09/2015 Donation - Books for Africa [EHS] N 6310 .A83 2015/008470 General circulation amm
Kitui, Kenya.
+254736116989
library@seku.ac.ke